Countries - Federations in Alphabetical Order - Statistics

General Stats
  • This quiz has been taken 53 times
  • The average score is 13 of 27
Answer Stats
Federation % Correct
R Russia
79%
A Argentina
66%
A Australia
63%
I India
63%
G Germany
61%
I Iraq
61%
U United States
61%
V Venezuela
61%
B Belgium
58%
F Federated States of Micronesia
58%
B Brazil
55%
C Canada
55%
A Austria
53%
E Ethiopia
50%
M Mexico
47%
U United Arab Emirates
47%
B Bosnia and Herzegovina
45%
M Malaysia
37%
S Switzerland
37%
N Nepal
34%
P Pakistan
34%
S Saint Kitts and Nevis
32%
C Comoros
29%
S Somalia
29%
N Nigeria
26%
S South Sudan
26%
S Sudan
26%
No matching quizzes found
Score Distribution
Percent of People with Each Score
Percentile by Number Answered
Your Score History
You have not taken this quiz